General Knowledge Quiz #111 - Statistics

General Stats
  • This quiz has been taken 93,173 times
    62,953 since last reset
  • The average score is 11 of 20
Answer Stats
Question Answer % Correct
What animal is generally considered to be the holiest animal in Hinduism? Cow
93%
What's the de-facto capital of Switzerland? Bern
77%
What constellation has a "belt" of three bright stars? Orion
76%
Besides Kazakh, what is an official language of Kazakhstan? Russian
75%
Which chemical element is prominently used in laptop batteries and antidepressant medication? Lithium
71%
What religious group renounces modern inventions, and speaks a German dialect known as "Pennsylvania Dutch"? Amish
69%
According to Shakespeare, who was told to "beware the Ides of March"? Julius Caesar
60%
In basketball, what word means "nothing but net"? Swish
54%
What is the female version of a bar mitzvah? Bat Mitzvah
51%
What was the last name of brothers Chico, Harpo, Groucho, Zeppo, and Gummo? Marx
49%
Who starred as Arnold Schwarzenegger's twin in "Twins"? Danny DeVito
47%
What is the common English translation of Descartes' famous statement "Cogito Ergo Sum"? I think, therefore I am
47%
What series of video games takes place in the mythical land of Hyrule? The Legend of Zelda
47%
In the Bible, Jesus raised three people from the dead. Who was the only one that had a name? Lazarus
43%
Besides coffee, what goes into an affogato? Ice cream
42%
Double, double toil and trouble. What creature's eye do witches need for their broth? Newt
42%
What was the British spelling of the word "jail" prior to the late 19th century? Gaol
37%
In the puppet show, who is Mr. Punch's wife? Judy
36%
What is a book of the Bible, a girl's name, or a word that means "mercy"? Ruth
29%
What organization's traditions were "rum, sodomy, and the lash" – according to an apocryphal Winston Churchill quote? The Royal Navy
26%
No matching quizzes found
Score Distribution
Percent of People with Each Score
Percentile by Number Answered
Your Score History
You have not taken this quiz since the last reset